Missing Word: TV Subtitles Quiz Stats

 Plays Quiz Updated Mar 11, 2015

Challenge
Share
Tweet
Embed
Score 0/20 Timer 03:00
0 Plays Today
Show Missing Word % Correct
CSI: _____ Scene InvestigationCrime
98.7%
Xena: _____ PrincessWarrior
92.3%
Bill Nye: The _____ GuyScience
90.2%
Law & Order: Special _____ UnitVictims
85.4%
Degrassi: The Next _____Generation
83.2%
Extreme Makeover: _____ EditionHome
82%
Star Trek: _____ Space NineDeep
79%
Avatar: The Last _____Airbender
76.3%
The Adventures of Jimmy Neutron: Boy _____Genius
72.8%
Lois & Clark: The New _____ of SupermanAdventures
70%
Show Missing Word % Correct
Laguna Beach: The Real _____ CountyOrange
68.5%
Terminator: The Sarah Connor _____Chronicles
64.5%
G.I. Joe: A _____ American HeroReal
62.1%
Transformers: _____ in DisguiseRobots
58.2%
Homicide: _____ on the StreetLife
57.9%
Saved by the Bell: The New _____Class
57.5%
Spartacus: _____ and SandBlood
44.4%
Batman: The Brave and the _____Bold
40.8%
My Little Pony: _____ Is MagicFriendship
25.4%
Ninja Turtles: The Next _____Mutation
8.5%

Today's Daily Dose

You're not logged in!

Compare scores with friends on all Sporcle quizzes.
Join for Free
OR
Log In

You Might Also Like...

Show Comments

Extras

Top Quizzes Today


Score Distribution

Your Account Isn't Verified!

In order to create a playlist on Sporcle, you need to verify the email address you used during registration. Go to your Sporcle Settings to finish the process.

Report this User

Report this user for behavior that violates our Community Guidelines.

Details: